The great unraveling (Registro nro. 5294)

Detalles MARC
000 -LEADER
fixed length control field 01185 a2200217 4500
001 - CONTROL NUMBER
control field 53949
005 - DATE AND TIME OF LATEST TRANSACTION
control field 20260407155810.0
008 - FIXED-LENGTH DATA ELEMENTS--GENERAL INFORMATION
fixed length control field 260407a2004 arg spa d
003 - CONTROL NUMBER IDENTIFIER
control field AR-UNSa-BCEJYS
040 ## - CATALOGING SOURCE
Original cataloging agency AR-UNSa-BCEJYS
Language of cataloging spa
Transcribing agency AR-UNSa-BCEJYS
080 ## - UNIVERSAL DECIMAL CLASSIFICATION NUMBER
Universal Decimal Classification number 338.1
Common auxiliary subdivision Situación económica. Ciclos. Desarrollo de la estructura económica
020 ## - INTERNATIONAL STANDARD BOOK NUMBER
International Standard Book Number 0-393-32605-5
100 1# - MAIN ENTRY--PERSONAL NAME
Personal name Krugman, Paul R.
245 10 - TITLE STATEMENT
Title The great unraveling
Name of part/section of a work Losing our way in the new century
264 #1 - PRODUCTION, PUBLICATION, DISTRIBUTION, MANUFACTURE, AND COPYRIGHT NOTICE
Place of production, publication, distribution, manufacture New York :
Name of producer, publisher, distributor, manufacturer W.W. Norton & Company
Date of production, publication, distribution, manufacture, or copyright notice 2004
300 ## - PHYSICAL DESCRIPTION
Extent xxxix, 516 p.
Dimensions 21 cm.
505 ## - FORMATTED CONTENTS NOTE
Formatted contents note 1. Irrational exuberance - 2. Portents abroad - 3. Greenspanomics - 4. Crony Capitalism. U.S.A. - 5. The bait... - 6. ...And the switch - 7. 2-1=4 - 8. Things pull apart - 9. The private interest - 10. Exploiting september - 11. A vast conspiracy? - 12. California screaming - 13. Smog and mirrors - 14. Foreing disasters - 15. Global schmobal - 16. Economics and economist - 17. War and terror - 18. Dollars and cents - 19. Abuses of power
590 ## - LOCAL NOTE (RLIN)
Local note niveau_biblio:m niveau_hierar:0
856 41 - ELECTRONIC LOCATION AND ACCESS
Uniform Resource Identifier <a href="https://biblioeco.unsa.edu.ar/pmb/images/libros/L128487.jpg">https://biblioeco.unsa.edu.ar/pmb/images/libros/L128487.jpg</a>
Link text Imagen de portada
Electronic format type image/jpeg
942 ## - ADDED ENTRY ELEMENTS (KOHA)
Koha item type
Existencias
Withdrawn status Lost status Damaged status Not for loan Home library Current library Shelving location Date acquired Total checkouts Full call number Barcode Date last seen Price effective from Koha item type
        Biblioteca Prof. Eusebio Cleto del Rey Biblioteca Prof. Eusebio Cleto del Rey   07/04/2026   338.1 K94t L128487 07/04/2026 07/04/2026 Libro